Library Logo

Pioneer International University Library Catalogue

Bahasha Nyekundu (Record no. 9341)

MARC details
000 -LEADER
fixed length control field 00341nam a22001337a 4500
005 - DATE AND TIME OF LATEST TRANSACTION
control field 20250901165808.0
008 - FIXED-LENGTH DATA ELEMENTS--GENERAL INFORMATION
fixed length control field 250320b |||||||| |||| 00| 0 eng d
020 ## - INTERNATIONAL STANDARD BOOK NUMBER
International Standard Book Number 9976983352
050 ## - LIBRARY OF CONGRESS CALL NUMBER
Classification number PL 8704 .K36 2004
245 ## - TITLE STATEMENT
Title Bahasha Nyekundu
Statement of responsibility, etc. Issa S. Kanguni
260 ## - PUBLICATION, DISTRIBUTION, ETC.
Place of publication, distribution, etc. Dar Es Salaam:
Name of publisher, distributor, etc. MPB,
Date of publication, distribution, etc. 2004.
300 ## - PHYSICAL DESCRIPTION
Extent 126 p.
Dimensions 21 cm.
942 ## - ADDED ENTRY ELEMENTS (KOHA)
Source of classification or shelving scheme Library of Congress Classification
Holdings
Withdrawn status Lost status Source of classification or shelving scheme Damaged status Not for loan Collection Home library Current library Shelving location Date acquired Source of acquisition Total checkouts Full call number Barcode Date last seen Copy number Price effective from Koha item type
    Library of Congress Classification       Main Library Main Library   03/20/2025 Donation from KICD   PL 8704 .K36 2004 PIUD0000185 03/20/2025 1 03/20/2025 Books
    Library of Congress Classification       Main Library Main Library   03/20/2025 Donation from KICD   PL 8704 .K36 2004 PIUD0000186 03/20/2025 2 03/20/2025 Books